Определение рисков на типовых участках магистрального трубопровода; Ресурсоэффективные системы в управлении и контроле: взгляд в будущее (т. 2)

Dades bibliogràfiques
Parent link:Ресурсоэффективные системы в управлении и контроле: взгляд в будущее (т. 2).— 2018.— [С. 170-174]
Autor principal: Шевченко В. Е. Вениамин Евгеньевич
Autor corporatiu: Национальный исследовательский Томский политехнический университет (ТПУ)
Altres autors: Вержбицкий Е. В. Евгений Вениаминович
Sumari:Заглавие с экрана
В работе представлены расчетные величины рисков типовых участков магистрального газопровода, полученные на основе анализа дерева событий, а также величины территориальных рисков. Определены интенсивности теплового излучения на участке трубопровода при возникновении ЧС.
The paper presents the calculated risk values of typical sections of the main gas pipeline, obtained on the basis of the analysis of the event tree, as well as the magnitude of territorial risks. Determined the intensity of heat radiation at the site of the pipeline in the event of emergencies.
Idioma:rus
Publicat: 2018
Matèries:
Accés en línia:http://earchive.tpu.ru/handle/11683/52971
Format: MixedMaterials Electrònic Capítol de llibre
KOHA link:https://koha.lib.tpu.ru/cgi-bin/koha/opac-detail.pl?biblionumber=629248

MARC

LEADER 00000naa2a2200000 4500
001 629248
005 20231101133542.0
035 |a (RuTPU)RU\TPU\conf\29725 
035 |a RU\TPU\conf\29711 
090 |a 629248 
100 |a 20190301d2018 k y0rusy50 ca 
101 0 |a rus  |d eng 
102 |a RU 
105 |a y z 101zy 
135 |a drcn ---uucaa 
181 0 |a i  
182 0 |a b 
200 1 |a Определение рисков на типовых участках магистрального трубопровода  |d Identification of risks on typical sections of the main pipeline  |f В. Е. Шевченко, Е. В. Вержбицкий 
203 |a Текст  |c электронный 
230 |a 1 компьютерный файл (pdf; 456 Кб) 
300 |a Заглавие с экрана 
320 |a [Библиогр.: с. 173-174 (8 назв.)] 
330 |a В работе представлены расчетные величины рисков типовых участков магистрального газопровода, полученные на основе анализа дерева событий, а также величины территориальных рисков. Определены интенсивности теплового излучения на участке трубопровода при возникновении ЧС. 
330 |a The paper presents the calculated risk values of typical sections of the main gas pipeline, obtained on the basis of the analysis of the event tree, as well as the magnitude of territorial risks. Determined the intensity of heat radiation at the site of the pipeline in the event of emergencies. 
463 0 |0 (RuTPU)RU\TPU\conf\29687  |t Ресурсоэффективные системы в управлении и контроле: взгляд в будущее (т. 2)  |o сборник научных трудов VII Международной конференции школьников, студентов, аспирантов, молодых ученых, 8 -13 октября 2018 г., г. Томск  |f Национальный исследовательский Томский политехнический университет (ТПУ)  |v [С. 170-174]  |d 2018 
510 1 |a Identification of risks on typical sections of the main pipeline  |z eng 
610 1 |a электронный ресурс 
610 1 |a труды учёных ТПУ 
610 1 |a риски 
610 1 |a магистральные трубопроводы 
610 1 |a безопасность 
610 1 |a тепловые излучения 
610 1 |a участки 
610 1 |a чрезвычайные ситуации 
610 1 |a магистральные газопроводы 
610 1 |a main pipeline 
610 1 |a risk 
610 1 |a safety 
610 1 |a thermal radiation 
610 1 |a event tree 
700 1 |a Шевченко  |b В. Е.  |g Вениамин Евгеньевич 
701 1 |a Вержбицкий  |b Е. В.  |g Евгений Вениаминович 
712 0 2 |a Национальный исследовательский Томский политехнический университет (ТПУ)  |c (2009- )  |2 stltpush  |3 (RuTPU)RU\TPU\col\15902 
801 2 |a RU  |b 63413507  |c 20190301  |g RCR 
856 4 |u http://earchive.tpu.ru/handle/11683/52971 
942 |c BK